Normal view
MARC view
Entry Personal Name
001 - CONTROL NUMBER
- control field: 84190
003 - CONTROL NUMBER IDENTIFIER
- control field: dpl
005 - DATE AND TIME OF LATEST TRANSACTION
- control field: 20250821123333.0
008 - FIXED-LENGTH DATA ELEMENTS
- fixed length control field: 250821|| aca||aabn | a|a d
040 ## - CATALOGING SOURCE
- Original cataloging agency: dpl
- Transcribing agency: dpl
100 ## - HEADING--PERSONAL NAME
- Personal name: कुसुम लता
670 ## - SOURCE DATA FOUND
- Source citation: Work cat.: (dpl)211812: कुसुम लता , पर्णकुटी के नन्दन /
